Govt. of
Madhya Pradesh

Women,Democracy And The Media (Record no. 68506)

MARC details
000 -LEADER
fixed length control field 00253nam a22001097a 4500
082 ## - DEWEY DECIMAL CLASSIFICATION NUMBER
Classification number 070/ARY
100 ## - MAIN ENTRY--AUTHOR NAME
Personal name Arya,Amit
245 ## - TITLE STATEMENT
Title Women,Democracy And The Media
260 ## - PUBLICATION, DISTRIBUTION, ETC. (IMPRINT)
Place of publication Delhi
Name of publisher Authors Publishing House
Year of publication 2022
650 ## - SUBJECT ADDED ENTRY--TOPICAL TERM
Topical Term Media
942 ## - ADDED ENTRY ELEMENTS (KOHA)
Koha item type Books
Holdings
Withdrawn status Lost status Damaged status Not for loan Home library Current library Date acquired Cost, normal purchase price Full call number Accession Number Price effective from Koha item type
        MACL MACL 27/12/2025 1399.00 070/ARY CRE040353 27/12/2025 Books